Prc̀tico Concursal

Bibliographic Details
Format: eBook
Language:Spanish
Subjects:
Online Access:Acceso restringido

MARC

LEADER 00000nam a22000007a 4500
005 20201112211615.0
007 cr|||| ||||
008 201112s2020 es |||||s|||| 00||0 spa d
035 |a 32345 
040 |a vLex 
090 |c 10846  |d 10846 
245 0 0 |a Prc̀tico Concursal  |h [Recurso electrn̤ico] / 
256 |a Servicio en ln̕ea 
300 |a 1 recurso electrn̤ico 
500 |a En la obra <em>Prc̀tico concursal</em>, <strong>dirigida</strong> por la <strong>magistrada Mara̕ del Mar Hernǹdez</strong>, se realiza un completo y exhaustivo anl̀isis del Texto Refundido de la Ley Concursal de 2020 desde un punto de vista prc̀tico. En su contenido se han destacado las novedades del Texto Refundido, sus diferencias con la Ley Concursal y las consecuencias que štas suponen. Adems̀, se ha incorporado un examen de la jurisprudencia destacada detallando la que pueda verse modificada como consecuencia de los cambios que recoge el Texto Refundido. Los autores son todos magistrados de gran prestigio y coautores de la obra que completa el prc̀tico <em>Webinars del Texto Refundido de la Ley Concursal 2020</em>. La obra ser ̀objeto de una continua actualizacin̤. <strong>Autores</strong> MARÍA DEL MAR HERNℓNDEZ RODRÍGUEZ Magistrada y directora de la obra OLGA AHEDO PEÑA Magistrada JAVIER ANTÓN GUIJARRO Magistrado JOSÉ MARÍA FERNℓNDEZ SEIJO Magistrado RAFAEL FUENTES DEVESA Magistrado NURIA A. ORELLANA CANO Magistrada JORGE DE LA RÚA NAVARRO Magistrado ENRIQUE SANJUAN Magistrado JOSÉ MARÍA TAPIA Magistrado RAFAEL YANGUELA CRIADO Magistrado 
506 1 |a Disponible solo en los productos indicados  |d vLex Global  |d vLex Global (Academic Edition, excluding Law Schools)  |d vLex Global (U.S. Academic Edition, Law Schools)  |d vLex Global (U.S. Academic Edition, excluding Law Schools)  |d vLex Global (Academic Edition, Law Schools) 
650 0 4 |a Derecho Mercantil y de la Empresa  |z Espaą 
740 0 |a Prc̀ticos vLex (Servicio en ln̕ea) 
856 4 0 |u http://vlex.com/source/32345  |z Acceso restringido 
942 |c BOOK 
999 0 |a Commercial and Company Law